Responses for Show #8670 - Friday, June 24, 2022

Contestants

[<< previous game]

Lauren Drinkwater, a psychotherapist from Rockville, Maryland

Joe Feldmann, a technology professional from Bethesda, Maryland

Jeff Weinstock, a marketing lecturer from Miami, Florida (whose 2-day cash winnings total $29,201)

[next game >>]

Jeopardy! Round responses

NORTH AMERICAN HISTORY
BASEBALL BABES
PALINDROMIC NUMBERS
2022 ANNIVERSARIES
FOXES
WORDS IN COMPARISON
(Mayim: Responses are made up of the letters in the word "comparison".)
    $200 4
Lewis & Clark

Joe
    $200 12
Babe Ruth

Joe
    $200 2
1,001

Lauren
    $200 17
(Jeff: What is King Tut?)
(Mayim: More specific?)
(Jeff: What is [**]?)

King Tut's tomb (King Tut's body as a mummy)

Jeff
    $200 24
(Jeff: What is ermine?)

the Arctic fox

Jeff
Triple Stumper
    $200 27
scorpion

Jeff
    $400 5
Cinco de Mayo

Joe
    $400 13
an umpire

Joe
    $400 3
747

Joe
    $400 20
the Frisbee

Lauren
    $400 25
the red fox

Jeff
    $400 18
a mosaic

Lauren
    $600 6
Ottawa

Joe
    $600 14
the World Series

Joe
    $2,200 26
1881

Jeff
    $600 21
Yellowstone

Lauren
    $600 28
rabies

Joe
    $600 11
maroon

Joe
    $800 7
(Jeff: What is Nunavut?)

Yukon

JeffLauren
    $800 15
the Brooklyn Dodgers

Jeff
    $800 9
202

Jeff
    $800 22
Hewlett-Packard

Triple Stumper
    $800 29
(Mayim: Yes, that's the [*]-eared fox.)

the bat

Joe
    $800 1
crimson

Lauren
    $1000 8
(Antonio López de) Santa Anna

Jeff
    $1000 19
Lou Gehrig

Joe
    $1000 10
the 303

Triple Stumper
    $1000 23
Marshall

Joe
    $1000 30
reynard

Lauren
    $1000 16
a panic room

Lauren

Scores at the first commercial break (after clue 15):

Jeff Joe Lauren
$1,800 $3,400 $1,800

Scores at the end of the Jeopardy! Round:

Jeff Joe Lauren
$4,600 $6,800 $5,200

Double Jeopardy! Round responses

CITY PARK-ING PLACES
5-SYLLABLE WORDS
SPIES LIKE THEM
FACTS & FIGURES
PEOPLE IN POETRY
& ON DRUMS...
    $400 19
(Lauren: What is Toronto?)

Montreal

JeffLauren
    $400 27
depreciation

Lauren
    $400 7
Russia

Jeff
    $400 28
[The end-of-round signal sounds.]

The White Stripes

Lauren
    $3,000 18
(Douglas) MacArthur Park

Joe
    $800 21
planetarium

Jeff
    $800 3
Casanova

Jeff
    $800 16
(Jeff: What is 66?)

67

JeffJoe
    $800 24
Rosa Parks

Jeff
    $800 26
Prince

Triple Stumper
    $1200 17
the Tuileries

Joe
    $1200 20
(Lauren: What is authentification?)

authentication

JoeLauren
    $1200 5
le Carré

Joe
    $1200 15
Norway

Joe
    $1200 22
(Miles) Standish

Jeff
    $1200 25
the Foo Fighters

Joe
    $1600 1
Gorky Park

Jeff
    $1600 8
the hypothalamus

Lauren
    $1600 4
the Rosenbergs

Lauren
    $1600 10
Virgin Galactic

Triple Stumper
    $2,400 12
(Jeff: Who's Sandburg?)

Allen Ginsberg

Jeff
    $1600 13
Travis Barker

Lauren
    $2000 2
Bryant Park

Lauren
    $2000 9
an abomination

Jeff
    $2000 6
(Joe: Who is Benedict Arnold?)
...
(Mayim: Benedict Arnold's partner in crime--[*].)

Major André

Joe
Triple Stumper
    $2000 11
Pakistan

Jeff
    $2000 23
(Mayim: Less than a minute, Jeff.)

The Rape of the Lock

Triple Stumper
    $2000 14
Max Weinberg

Joe

Scores at the end of the Double Jeopardy! Round:

Jeff Joe Lauren
$11,400 $16,600 $11,200

[wagering suggestions for these scores]

Final Jeopardy! Round responses

OSCAR-WINNING ACTORS
(Mayim: The films were One Flew Over the Cuckoo's Nest, Terms of Endearment and As Good as It Gets.)
LaurenWho is Jack Nicholson?
$800
JeffWho is Gene H Marlon Brando
$11,001
JoeWho is Jack Nicholson?
$6,300
Jack Nicholson

Final scores:

Jeff Joe Lauren
$399 $22,900 $12,000
3rd place: $1,000 New champion: $22,900 2nd place: $2,000

Game dynamics:

Coryat scores:

Jeff Joe Lauren
$12,200 $14,400 $11,200
16 R
(including 1 DD),
4 W
(including 1 DD)
20 R
(including 1 DD),
1 W
14 R,
2 W

Combined Coryat: $37,800

[game clues] [game scores] [suggest correction]

Game tape date: 2022-04-28
The J! Archive is created by fans, for fans. Scraping, republication, monetization, and malicious use prohibited; this site may use cookies and collect identifying information. See terms. The Jeopardy! game show and all elements thereof, including but not limited to copyright and trademark thereto, are the property of Jeopardy Productions, Inc. and are protected under law. This website is not affiliated with, sponsored by, or operated by Jeopardy Productions, Inc. Join the discussion at JBoard.tv.